Football Legends Quiz - Statistics

General Stats
  • This quiz has been taken 223 times
  • The average score is 12 of 40
Answer Stats
Goals Top Goal Scorers % Correct
1,281 Pele
92%
1 Pele
92%
29 Pele
92%
2 Ronaldo
90%
7 Ronaldo
90%
571 Lionel Messi
57%
5 Lionel Messi
57%
4 Lionel Messi
57%
29 Lionel Messi
57%
593 Cristiano Ronaldo
53%
5 Cristiano Ronaldo
53%
6 Cristiano Ronaldo
53%
3 Ronaldinho
51%
10 Neymar
36%
31 Dani Alves
29%
2 Diego Maradona
25%
3 Johan Cruyff
22%
9 Johan Cruyff
22%
3 Marco van Basten
21%
711 Gerd Muller
17%
743 Romario
17%
5 Zinedine Zidane
17%
3 Michel Platini
16%
2 Alfredo Di Stéfano
14%
30 Andres Iniesta
13%
621 Eusebio
11%
700 Ferenc Puskas
11%
2 Franz Beckenbauer
11%
32 Zlatan Ibrahimovic
10%
805 Josef Bican
6%
2 Kevin Keegan
6%
36 Ryan Giggs
5%
29 Gerard Pique
4%
2 Karl-Heinz Rummenigge
3%
1,329 Arthur Friedenreich
1%
8 Jay Jay Okocha
1%
34 Kenny Dalglish
1%
33 Victor Baia
1%
576 Ferenc Deak
0%
32 Wael Gomaa
0%
No matching quizzes found
Score Distribution
Percent of People with Each Score
Percentile by Number Answered
Your Score History
You have not taken this quiz